| 000 | 00791nas a2200265 4500 | ||
|---|---|---|---|
| 001 | BR9407012 | ||
| 003 | BR-BrBNA | ||
| 005 | 20231205093804.0 | ||
| 007 | ta | ||
| 008 | 230509b bl.|||p| |||| 00| 00por d | ||
| 040 |
_aBR-BrBNA _bpor _cBiblioteca Nacional de Agricultura |
||
| 041 | _a(Pt) | ||
| 072 | _aQ02 | ||
| 100 | 1 | _aSpagnol, W.A. | |
| 100 | 1 | _aRocha, J.L.V. da | |
| 100 | 1 | _aPark, K.J. | |
| 245 | 1 | _aPre-resfriamento de frutas e hortalicas | |
| 650 | _aFruta | ||
| 650 | _aHortalica | ||
| 650 | _aPreservacao de Alimento | ||
| 650 | _aResfriamento | ||
| 773 | 0 |
_tInforme Agropecuario - Empresa de Pesquisa Agropecuaria de Minas Gerais (Brazil) _xISSN 0100-3364 _g(1994), v. 17(180) p. 5-8 _wBR9407012 |
|
| 909 |
_a202311 _bLúcia _c55 _dLúcia Elande |
||
| 942 |
_2AGRIS _n0 _cANA |
||
| 999 |
_c140406 _d140406 |
||